The cross in faith and conduct. (Record no. 13094)

000 -LEADER
fixed length control field 00551nam a2200181 a 4500
001 - CONTROL NUMBER
control field :::00010912$&:&@@
003 - CONTROL NUMBER IDENTIFIER
control field OkBaRHE
005 - DATE AND TIME OF LATEST TRANSACTION
control field 20000607103403.0
008 - FIXED-LENGTH DATA ELEMENTS--GENERAL INFORMATION
fixed length control field s1924 j 000 0 eng u
040 ## - CATALOGING SOURCE
Transcribing agency
100 1# - MAIN ENTRY--PERSONAL NAME
Personal name Watt, Gordon.
245 14 - TITLE STATEMENT
Title The cross in faith and conduct.
260 ## - PUBLICATION, DISTRIBUTION, ETC. (IMPRINT)
Place of publication, distribution, etc Philadelphia, PA., :
Name of publisher, distributor, etc Sunday School Times Co.
Date of publication, distribution, etc c1924
300 ## - PHYSICAL DESCRIPTION
Extent 120 p. ;
Dimensions 19 cm.
650 ## - SUBJECT ADDED ENTRY--TOPICAL TERM
Topical term or geographic name as entry element Christian Life
942 ## - ADDED ENTRY ELEMENTS (KOHA)
Source of classification or shelving scheme
Koha item type Books
Copies
Copy number Price effective from Withdrawn status Date last seen Barcode Damaged status Full call number Permanent Location Source of classification or shelving scheme Koha item type Shelving location Date acquired Not for loan Lost status
12010-04-14 2010-04-1410912 BV 4501.2 .W322RHEMA Bible Training College BooksGeneral Stacks2010-04-14